000 00490nam a2200181Ia 4500
005 20250508152542.0
008 008 250505s9999 xx 000 0 hin d
037 _aTextual
040 _aFEDL
_beng
_cFEDL
041 _ahin
_2eng
084 _a891.43, SAH
_qFEDL
100 _aSahaye Gorakhnand
_9761772
245 0 _aHindi sahitya sangrah
260 _aPatna, India
_bBharti Bhavan
_c1957
300 _a131p.
942 _cTEXL
_h891.43, SAH
999 _c1337184
_d1337184